000 01174cam a2200277 i 4500
003 SA-RiAUC
005 20260306124916.0
008 260223s1978 ||| g 000r0 ara c
040 _aSA-JeALM
_bara
_cSA-RiAUC
_erda
082 0 4 _a220
090 _a220
_bا س م
100 1 _aإسماعيل، شعبان محمد،
_d1939-
_eمؤلف.
245 1 0 _aمع القرآن الكريم في رسمه وضبطه وأحكام تلاوته /
_cتأليف شعبان محمد إسماعيل.
250 _aالطبعة الاولى.
264 1 _aالقاهرة :
_bمكتبة الحرمين دار التأليف،
_c1994
300 _a163 صفحة ؛
_c24 سم
336 _aنص
_btxt
_2rdacontent
_3كتاب
337 _aبدون وسيط
_bn
_2rdamedia
500 _aاهداء من المؤلف شعبان محمد اسماعيل الى الشيخ رحمه الله بتاريخ 7 / 9 / 1415 هـ
630 2 7 _aالقرآن
_xعلوم
_2aucut
630 2 7 _aالقرآن
_xتاريخ
_2aucut
630 2 7 _aالقرآن
_xقراءات
_2aucut
630 2 7 _aالقرآن
_xآداب التلاوة
_2aucut
942 _2ddc
_cBOOK
_n0
949 _aSA-JeALM
_d260223
_uosman123
_n1
999 _c14484
_d14484